Integrated development environment for hyperledger sawtooth blockchain platform (Record no. 6514)

MARC details
000 -LEADER
fixed length control field 01971nam a22001937a 4500
003 - CONTROL NUMBER IDENTIFIER
control field OSt
005 - DATE AND TIME OF LATEST TRANSACTION
control field 20220107122851.0
008 - FIXED-LENGTH DATA ELEMENTS--GENERAL INFORMATION
fixed length control field 190621b xxu||||| |||| 00| 0 eng d
040 ## - CATALOGING SOURCE
Transcribing agency IIITMK
100 ## - MAIN ENTRY--PERSONAL NAME
Personal name Sethu Raman O (91617013)
9 (RLIN) 15927
245 ## - TITLE STATEMENT
Title Integrated development environment for hyperledger sawtooth blockchain platform
300 ## - PHYSICAL DESCRIPTION
Extent MSC MI 2017-2019
500 ## - GENERAL NOTE
General note Blockchain development has evolved drastically over the last few years.<br/>What started as a means to power up a decentralized payment network has<br/>morphed into a decentralized supercomputer where developers from all around<br/>the world can come and create their own software applications. This is a truly<br/>exciting space with lots of scope for development. However, as a developer<br/>who is a new entrant in this space, people might feel intimidated due to the<br/>complexity that comes with the development of a blockchain application.<br/>Tripod is a cross platform , blockchain development tools which is aimed<br/>at creating an integrated environment for the development and deployment<br/>of various blockchain network . With greater simplication of blockchain<br/>network component management and smart contract creation , Tripod eectively<br/>reduce the eort required to learn and develop blockchain technologies<br/>. Tripod currently supports the development of hyperledger sawtooth , an enterprise<br/>grade , permissioned blockchain platform . With the help of Docker<br/>containers , tripod can create and manage virtual environments which can be<br/>used to deploy blockchains , independent of the underlying system . Tripod<br/>also provides low-code solutions for smart-contract [Transaction Processors]<br/>creation and live testing facilities creating a full <br/>edged development environment<br/>for the easy development and deployment of blockchain solutions
502 ## - DISSERTATION NOTE
Degree type MSC MI
Name of granting institution 2017-2019
Year degree granted INT
-- Dr Asharaf S
650 ## - SUBJECT ADDED ENTRY--TOPICAL TERM
Topical term or geographic name entry element HYPERLEDGER SAWTOOTH
9 (RLIN) 15928
650 ## - SUBJECT ADDED ENTRY--TOPICAL TERM
Topical term or geographic name entry element BLOCKCHAIN
9 (RLIN) 15929
650 ## - SUBJECT ADDED ENTRY--TOPICAL TERM
Topical term or geographic name entry element ELECTRON JS
9 (RLIN) 15930
942 ## - ADDED ENTRY ELEMENTS (KOHA)
Source of classification or shelving scheme Dewey Decimal Classification
Koha item type
Holdings
Withdrawn status Lost status Source of classification or shelving scheme Damaged status Not for loan Collection code Home library Current library Shelving location Date acquired Total Checkouts Barcode Date last seen Price effective from Koha item type
    Dewey Decimal Classification     Non Fiction IIITM-K Kerala University of Digital Sciences, Innovation and Technology Knowledge Centre   21/06/2019   R-1518 21/06/2019 21/06/2019 Project Reports